000 00453cam a2200169ua 4500
041 _aeng
_h
082 _a941
_bGAR/AN
100 _aGarmonswamy, G N .
245 _aAnglo saxon chronicle /
_cG N Garmonswamy.
_hTextual Documents
260 _aLondon :
_bJ M Dent and Sons Ltd ,
_c1960.
300 _a302 ; .
440 0 _aEveryman`s Library,
_v624
_x;
490 0 _aEveryman`s Library,
_v624
_x;
504 _a
942 _cBK
999 _c6222
_d6222